Teoretická analýza prípojov oceľových konštrukcií MKP

Na minha lista:
Detalhes bibliográficos
Autor principal: Šabová, Zuzana (Author)
Outros Autores: Slivanský, Miloš (Thesis advisor)
Formato: Manuscrito Livro
Idioma:eslovaco
Publicado em: 2015
Assuntos:
Acesso em linha:http://is.stuba.sk/zp/portal_zp.pl?podrobnosti=99946
https://opac.crzp.sk/?fn=detailBiblioForm&sid=A1BE4CBC10A6410E2FDE748DE444
Tags: Adicionar Tag
Sem tags, seja o primeiro a adicionar uma tag!

MARC

LEADER 00000ntm a22000003a 4500
001 stuzp51054
003 SK-STU
005 20230818130318.6
007 ta
008 150427s2015----xo-----f-mn---000-0-slo-d
040 |a STU  |b slo 
041 0 |a slo 
100 1 |a Šabová, Zuzana  |u 010190  |4 aut  |U SvF Stavebná fakulta  |T SvF Katedra kovových a drevených konštrukcií  |X 55654  |U V190  |Y 21  |7 55654 
242 0 1 |a Theoretical analysis of the connections of steel structures  |y eng 
245 1 0 |a Teoretická analýza prípojov oceľových konštrukcií MKP 
260 |c 2015 
650 4 |a prípoj  |2 slo 
650 4 |a oceľová konštrukcia  |2 slo 
650 4 |a MKP  |2 slo 
650 4 |a steel structures  |2 eng 
650 4 |a MKP  |2 eng 
650 4 |a connection  |2 eng 
700 1 |a Slivanský, Miloš  |4 ths  |X 3702  |7 A000003702 
856 4 |u http://is.stuba.sk/zp/portal_zp.pl?podrobnosti=99946 
856 4 |u https://opac.crzp.sk/?fn=detailBiblioForm&sid=A1BE4CBC10A6410E2FDE748DE444 
SQL |a stuzp51054  |b DBP  |c SLO  |d Teoretická analýza prípojov oceľových konštrukcií MKP  |e 55654  |f Šabová, Zuzana  |g 010190  |h 3702  |i Slivanský, Miloš  |j 20150623  |k 1  |l 01  |m http://is.stuba.sk/zp/portal_zp.pl?podrobnosti=99946  |n B-IKD  |o 5.1.5. inžinierske konštrukcie a dopravné stavby